Investigaciones sobre historiografía hispana medieval (Record no. 137407)
[ view plain ]
| 000 -LEADER | |
|---|---|
| campo de control de longitud fija | 00896nam a2200229 i 4500 |
| 001 - NÚMERO DE CONTROL | |
| campo de control | 137407 |
| 003 - IDENTIFICADOR DE NÚMERO DE CONTROL | |
| campo de control | ES-MaACL |
| 005 - FECHA Y HORA DE LA ÚLTIMA TRANSACCIÓN | |
| campo de control | 20231228203845.0 |
| 007 - CAMPO FIJO DE DESCRIPCIÓN FÍSICA--INFORMACIÓN GENERAL | |
| campo de control de longitud fija | t| |
| 008 - DATOS DE LONGITUD FIJA--INFORMACIÓN GENERAL | |
| campo de control de longitud fija | 070214s1967 ag |||| | spa d |
| 080 ## - NÚMERO DE LA CLASIFICACIÓN DECIMAL UNIVERSAL | |
| Número de la Clasificación Decimal Universal | 946"07/11"(093.3) |
| 100 1# - ENTRADA PRINCIPAL--NOMBRE DE PERSONA | |
| Nombre de persona | Sánchez-Albornoz, Claudio, |
| Fechas asociadas al nombre | 1893-1984 |
| 9 (RLIN) | 102440 |
| 245 10 - MENCIÓN DEL TÍTULO | |
| Título | Investigaciones sobre historiografía hispana medieval |
| Resto del título | : (siglos VIII al XII) / |
| Mención de responsabilidad, etc. | Claudio Sánchez-Albornoz. |
| 260 ## - PUBLICACIÓN, DISTRIBUCIÓN, ETC. | |
| Lugar de publicación, distribución, etc. | Buenos Aires : |
| Nombre del editor, distribuidor, etc. | Instituto de Historia de España, |
| Fecha de publicación, distribución, etc. | 1967. |
| 300 ## - DESCRIPCIÓN FÍSICA | |
| Extensión | 418 p. ; |
| Dimensiones | 26 cm. |
| 594 ## - Nota al título y mención de responsabilidad | |
| Nota al título y mención de responsabilidad | Precede al tít.: Universidad de Buenos Aires, Facultad de Filosofía y Letras. |
| 650 #4 - PUNTO DE ACCESO ADICIONAL DE MATERIA--TÉRMINO DE MATERIA | |
| Término de materia o nombre geográfico como elemento de entrada | Historiografía- |
| Subdivisión geográfica | España- |
| Subdivisión cronológica | S.V-XV. |
| 9 (RLIN) | 153136 |
| 651 #4 - PUNTO DE ACCESO ADICIONAL DE MATERIA--NOMBRE GEOGRÁFICO | |
| Nombre geográfico | España- |
| Subdivisión de forma | Historiografía. |
| 9 (RLIN) | 8377 |
| 710 2# - ENTRADA AGREGADA--NOMBRE DE ENTIDAD CORPORATIVA | |
| Nombre de entidad corporativa o nombre de jurisdicción como elemento de entrada | Universidad de Buenos Aires. |
| Unidad subordinada | Instituto de Historia de España. |
| 9 (RLIN) | 162611 |
| 852 ## - LOCALIZACIÓN | |
| Ubicación | ES-MaACL |
| Número de control de estantería | C-35695 |
| Estatus retirado | Estado de pérdida | Estado de daño | No para préstamo | Biblioteca de origen | Biblioteca actual | Ubicación en estantería | Fecha de adquisición | Fuente de adquisición | Total de préstamos | Signatura topográfica completa | Código de barras | Visto por última vez | Precio de reemplazo | Tipo de ítem Koha |
|---|---|---|---|---|---|---|---|---|---|---|---|---|---|---|
| Biblioteca del Ateneo de Madrid | Biblioteca del Ateneo de Madrid | Depósito 2 | 17/01/2008 | C-35695 | 1142991 | 23/02/2023 | 23/02/2023 | Libro impreso |
